01211cam a22003257a 4500003000500000005001700005008004100022010001000063011001000073020001500083035001000098040000900108082001400117100002600131245013600157260006500293300002100358590004100379590004100420590004100461590004200502650004000544650004400584901000700628905002400635942001000659949006500669999001700734952013400751CHAP20220329142757.0030908d2002 us r 00110 eng d a87661 a88633 a0761536604 a99178 cCHAP04a363.7bB300aBailey, Ronald.9945110aGlobal warming and other eco-myths :bhow the enviromental movement uses false science to scare US to deathc/ ed. by Ronald Bailey aRoseville,, Cal. ;bCompetitive Interprise Institute,c2002. a423 p.bgráfs. aBATCH-UPDb10c20130110lUCH01h0755 aBATCH-UPDb10c20130410lUCH01h0434 aBATCH-UPDb10c20130914lUCH01h0522 aCONVERSIONb10c20130109lUCH01h134914aEcologíaxInvestigación.93514614aMedio ambientexInvestigación.974093 aBK aMayto Villalobos S. cLIBRO a363.7 B3bBCcLIBROd33724000898847eLIBROh103679i99178si c87661d87661 00102ddc4052708GRALaBCbBCcPA_GRALd2019-12-31fLIBROl0o363.7 B3p33724000898847r2019-12-31 00:00:00w2019-12-31yLIBRO